| 000 | 00400nam a2200169Ia 4500 | ||
|---|---|---|---|
| 001 | 4736 | ||
| 003 | IN-NITTTR | ||
| 005 | 20251114233002.0 | ||
| 008 | 251113s9999||||xx |||||||||||||| ||eng|| | ||
| 040 | _beng | ||
| 040 | _cIN-NITTTR | ||
| 041 | _aeng | ||
| 082 | _a621.402 S44A | ||
| 100 | _aSterland, E. G. | ||
| 245 | 0 |
_aApplied heat for national certificate. / _cSterland, E. G. |
|
| 942 |
_2ddc _cBK |
||
| 999 |
_c7372 _d7372 |
||